000 01219nam a2200337 i 4500
001 13616
003 KOSZ 005
005 20200630132828.0
008 080124s1967 pl a f 000 0 pol
015 _aPB 1967/5880
035 _a(OCoLC)749734270
040 _aWA N
_cWA N
_dKOSZ 005/KK
041 0 _apol
_beng
_brus
080 _a62:338.98
100 1 _aKnyziak, Zygmunt
_d(1927-2006)
_eAutor
245 1 0 _aEkonomika i programowanie inwestycji przemysłowych /
_cZygmunt Knyziak, Witold Lissowski.
250 _aWydanie 2.
260 _aWarszawa :
_bPaństwowe Wydawnictwo Naukowe,
_c1967.
300 _a336, [3] stron, [3] karty, tablice :
_bilustracje ;
_c18 cm.
336 _2rdacontent
_aTekst
_btxt
337 _2rdamedia
_aBez urządzenia pośredniczącego
_bn
338 _2rdacarrier
_aWolumin
_bnc
380 _aKsiążki.
504 _aBibliografia na stronie [334].
546 _aStreszczenie w języku angielskim, rosyjskim.
650 4 _aPrzemysł
700 1 _aLissowski, Witold
_eAutor
710 _aPaństwowe Wydawnictwo Naukowe
_4pbl.
856 _uhttp://koha.tu.koszalin.pl/cgi-bin/koha/opac-detail.pl?biblionumber=13616
_yKatalog online BPK
942 _2UKD
_cKS
999 _c13616
_d13616